Internal Security: (Record no. 192339)

MARC details
000 -LEADER
fixed length control field 00785nam a22002057a 4500
005 - DATE AND TIME OF LATEST TRANSACTION
control field 20220921111321.0
010 ## - LCCN (DPL NO)
LC control number B-745548
020 ## - INTERNATIONAL STANDARD BOOK NUMBER
International Standard Book Number 9789389176421
Terms of availability 295.00
035 ## - SYSTEM CONTROL NUMBER
System control number B-745548
037 ## - SOURCE OF ACQUISITION
Source of stock number/acquisition OakBridge
100 ## - MAIN ENTRY--PERSONAL NAME
Personal name Matani, Lohit
245 ## - TITLE STATEMENT
Title Internal Security:
Remainder of title Conflicts, Challenges, Strategies for Civil Services(Main) Examination/
Statement of responsibility, etc Lohit Matani
250 ## - EDITION STATEMENT
Edition statement 2nd
260 ## - PUBLICATION, DISTRIBUTION, ETC. (IMPRINT)
Place of publication, distribution, etc Haryana
Name of publisher, distributor, etc OakBridge
Date of publication, distribution, etc 2020
270 ## - ADDRESS
Address M 35, 1st Floor, Old DLF, Gurugram,
City Haryana
Postal code 122001
Electronic mail address info@oakbridge.in
300 ## - PHYSICAL DESCRIPTION
Extent xi,353p.
Dimensions 24cm(pbk)
505 ## - FORMATTED CONTENTS NOTE
Formatted contents note
942 ## - ADDED ENTRY ELEMENTS (KOHA)
Source of classification or shelving scheme Dewey Decimal Classification
Item type English Books
Classification part 352.3790954
Call number suffix MAT
Holdings
Withdrawn status Lost status Not for loan Collection code Home library Current library Date acquired Source of acquisition Cost, normal purchase price Full call number Barcode Copy number Cost, replacement price Koha item type Public note
      Non-fiction Kadipur Kadipur 21/09/2022 5.9.22/Gift 295.00 352.3790954 MAT B-745548 1 295.00 English Books Gift

© Delhi Public Library
Hit Counter
free hit counter